Do którego państwa pasuje ten opis - Statystyki

Ogólne statystyki
  • Ten quiz został rozwiązany 77 razy
  • Średni wynik to 7 z 10
Statystyki odpowiedzi
Opis Państwo % Poprawnych
Stolicą tego państwa jest Ryga Łotwa
90%
Ma najwięcej sąsiadów w całej Europie Niemcy
84%
Kontroluje wyspy Kanaryjskie Hiszpania
79%
Państwo to całkowicie otacza dwa inne państwa Włochy
79%
Tylko dwa państwa w Europie mają karę śmierci: Rosja i ... Białoruś
78%
Stolica Słowacji sąsiaduje z tym państwem Austria
75%
Kraj ten posiada najwięcej wysp wśród wszystkich państw świata Szwecja
67%
Serbia sąsiaduje z: Węgrami, Chorwacją, Czarnogórą, Kosowem, Macedonią Północną, Bułgarią, Rumunią oraz ... Bośnia i Hercegowina
65%
Państwo to uznawane jest za wynalazcę współczesnej piłki nożnej Wielka Brytania
59%
Państwo to podzielone jest na kantony Szwajcaria
57%
Nie znaleziono quizów pasujących do podanych kryteriów
Rozkład punktacji
Procent ludzi z każdym wynikiem
Percentyl według liczby udzielonych odpowiedzi
Twoja historia wyników
Nie rozwiązałeś tego quizu